000 00984cab a2200217 4500
001 ABS52728
008 090401t1995 xxu||||| |||| 00| 0 eng d
035 _a(Sirsi) u93327
041 _aeng
245 _aBowring Services Ltd v Scottish Widows' Fund and Life Assurance
260 _c1995
350 _a0
490 _aEstates Gazette
_v(1995) 16 EG 206-213(8)
520 _aChD 11 February 1995. The defendants registered a a temporary obstruction notice under Rights of Light Act 1959 s2 and within the expiry date of this a definitive certificate was lodged. Held that the plaintiff, issuing a writ twelve months after the temporary notice was out of time. A claim under Prescription Act 1832 failed as there had been an obstruction of the rights of light for over a year.
650 _aCUSTOM OF LONDON
650 _aPRESUMPTION OF LOST MODERN GRANT
650 _aRIGHTS OF LIGHT ACT 1959 S2
690 _aBoundary disputes
_96221
942 _n0
948 _c04/03/1997
999 _c59154
_d59154